000 01423njm a22003617a 4500
005 2010091708458.0
007 sd ammalaaahaa
008 100904t xxu||||| |||| 00| 0 hin d
028 _aECSD. 2783
_bHis Master's Voice
028 _a2YJW. 407
_bHis Master's Voice
028 _a2YJW. 408
_bHis Master's Voice
035 _aGR-03136
040 _aSED/VEN
100 _91184
_aहरिओम शरण
245 _aगणपति वन्दना (भाग-1)
_bहिन्दी /
_cहरिओम शरण; संगीत निर्देशक- मुरली मनोहर स्वरूप
_h[Sound Recording] :
246 _aGanpati Vandna (Hariom Sharan)
250 _aP-1977
260 _aDum Dum, India
_bHis Master's Voice
300 _a1 sound disc [Gramophone Recording] :
_banalog, 33 1/3 rpm ;
_c12 in. [LP]
_fGramophone Records
500 _aBrief Records
500 _aRecord Labels: His Master's Voice, Red
505 _aगीत-2; मन मैला और तन को धोये (हरिओम शरण) (भाग-2)
600 _920259
_aहरिओम शरण
610 _920322
650 _aClassical Music
_xExcerpts
_zIndia
_918309
700 _918319
700 _918320
700 _920323
700 _920456
700 _920457
942 _2ddc
_cGR
999 _c46595
_d46595